| 000 | 00420nam a22001457a 4500 | ||
|---|---|---|---|
| 999 |
_c8894 _d8894 |
||
| 003 | OSt | ||
| 008 | 200713b ||||| |||| 00| 0 eng d | ||
| 100 | _aPatil , Akshay Shashikant | ||
| 245 | _aText Book of Physical Pharmaceutics-2 | ||
| 250 | _a1st 2019 | ||
| 260 |
_aNew Delhi _bNirali |
||
| 300 | _aMisc | ||
| 650 | _aPharmaceutics- Drug Delivery Systems,Pharmaceutical Engineering regulraty Science | ||
| 942 |
_2ddc _cBK |
||